000 00373nam a2200145Ia 4500
008 230711s9999||||xx |||||||||||||| ||und||
041 _aENG
082 _a624
_bCH-C
100 _aChitkara,KK
245 0 _aConstruction project management
250 _a1st Ed.
260 _c2001
_aNew Delhi
_bTata McGraw Hill Education Limited
650 _aCivil Engineering
942 _cBK
999 _c4277
_d4277